00744nam a2200217 a 4500001001000000003000900010005001700019007000300036008004100039020001500080040002500095082002200120100004200142245012400184250001100308260005400319300002100373500006400394651003700458700003100495000015232DO-SdBNP20260527124424.0ta100203s1999 dr 000 0 spa d a8493052949 aDO-SdBNPbspacBNPHU 4a972.93bG216c2221 aGarcía, José Gabriel,d1834 -191010aCoincidencias históricas y nuevas coincidencias históricas /cJosé Gabriel García; prólogo José Chez Checo. a2a ed. aSanto Domingo :bLibrería La Trinitaria,c1999. a125 p. ;c21 cm. aIncluye datos biográficos del autor en la contracubierta. 4aRepública DominicanaxHistoria1 aChez Checo, José,d1949-